000 00487nam a2200145Ia 4500
008 100204s9999 xx 000 0 und d
082 _b6632
100 _aअभ्यंकर कुसुम
245 _aअश्विनी स्पर्श
260 _b"उत्कर्ष प्रकाशन, पुणे"
_c1982 re
300 _a240
630 _aअश्विनी स्पर्श
730 _aअश्विनी स्पर्श
942 _cBOOK
999 _c451070
_d451067